Maastohiihdon maailmancupissa voittaneet suomalaiset - Statistics

Yleistilastot
  • Tätä visaa on pelattu 100 kertaa
    45 viimeisimmän päivityksen jälkeen
  • Keskiarvotulos 15 / 23
Vastaustilastot
Hint Vastaus % Oikein
8 (2015-2022) iivo niskanen
97%
8 (2014-2024) kerttu niskanen
97%
5 (2018-2024) krista pärmäkoski
97%
10 (1997-2001) mika myllylä
94%
25 (2004-2009) virpi kuitunen
94%
1 (2009) sami jauhojärvi
89%
4 (2007-2010) ainokaisa saarinen
86%
4 (1996-2000) jari isometsä
86%
11 (1983-1992) marjaliisa kirvesniemi
86%
6 (1982-2000) harri kirvesniemi
83%
1 (2026) jasmi joensuu
71%
1 (2024) perttu hyvärinen
66%
4 (2010-2016) matti heikkinen
63%
1 (2013) monaliisa nousiainen
63%
8 (1986-1989) marjo matikainen
57%
5 (2001-2009) pirjo muranen
54%
2 (2007, 2009) riittaliisa roponen
49%
2 (2000, 2001) kaisa varis
46%
1 (1992) marjut rolig
40%
1 (1983) asko autio
14%
1 (1985) kari härkönen
14%
2 (1986, 1990) jaana savolainen
9%
1 (1998) ari palolahti
6%
Ehtoja vastaavia visoja ei löytynyt
Tulosjakauma
Jokaisen tuloksen saaneiden osuus
Persentiili vastausten määrän mukaan
Tuloshistoriasi
Et ole pelannut tätä visaa sen viimeisimmän päivityksen jälkeen